Rices in Bangladesh / (Record no. 389)
[ view plain ]
| 000 -LEADER | |
|---|---|
| fixed length control field | 00572nam a22002057a 4500 |
| 001 - CONTROL NUMBER | |
| control field | BD-DhSAU 389 |
| 003 - CONTROL NUMBER IDENTIFIER | |
| control field | BD-DhSAU |
| 005 - DATE AND TIME OF LATEST TRANSACTION | |
| control field | 20141231012458.0 |
| 008 - FIXED-LENGTH DATA ELEMENTS--GENERAL INFORMATION | |
| fixed length control field | 141231b2005 bg ||||| |||| 00| 0 eng d |
| 040 ## - CATALOGING SOURCE | |
| Transcribing agency | BD-DhSAU |
| 082 ## - DEWEY DECIMAL CLASSIFICATION NUMBER | |
| Edition number | 22 |
| Classification number | 633.18095492 |
| Item number | DAR |
| 100 ## - MAIN ENTRY--PERSONAL NAME | |
| Personal name | Das, Tulsi |
| Dates associated with a name | 1944- |
| Relator term | Doctor |
| 245 ## - TITLE STATEMENT | |
| Title | Rices in Bangladesh / |
| Statement of responsibility, etc. | Dr. Tulsi Das |
| 260 ## - PUBLICATION, DISTRIBUTION, ETC. (IMPRINT) | |
| Place of publication, distribution, etc. | Mymensingh, Bangladesh : |
| Name of publisher, distributor, etc. | Sadin Graphics |
| Date of publication, distribution, etc. | 2005 |
| 300 ## - PHYSICAL DESCRIPTION | |
| Extent | v, 78p. : |
| Other physical details | ill ; |
| Dimensions | 24 cm. |
| 504 ## - BIBLIOGRAPHY, ETC. NOTE | |
| Bibliography, etc | include bibliographical references. |
| 590 ## - Name of Cataloguer | |
| Name of Cataloger | joy |
| 650 ## - SUBJECT ADDED ENTRY--TOPICAL TERM | |
| Topical term or geographic name as entry element | agronomy |
| 650 ## - SUBJECT ADDED ENTRY--TOPICAL TERM | |
| Topical term or geographic name as entry element | Rice |
| Geographic subdivision | Bangladesh |
| 942 ## - ADDED ENTRY ELEMENTS (KOHA) | |
| Source of classification or shelving scheme | Dewey Decimal Classification |
| Koha item type | Book |
| Withdrawn status | Lost status | Source of classification or shelving scheme | Damaged status | Not for loan | Home library | Branch Name | Shelving location | Date acquired | Total Checkouts | Full call number | Barcode | Date last seen | Date checked out | Price effective from | Koha item type |
|---|---|---|---|---|---|---|---|---|---|---|---|---|---|---|---|
| Dewey Decimal Classification | SAU Library | SAU Library | General Stacks | 13/09/2005 | 2 | 633.18095492 DAR | 31466 | 23/07/2025 | 15/05/2025 | 31/12/2014 | Book | ||||
| Dewey Decimal Classification | SAU Library | SAU Library | General Stacks | 13/09/2005 | 1 | 633.18095492 DAR | 31468 | 15/09/2024 | 19/03/2024 | 31/12/2014 | Book | ||||
| Dewey Decimal Classification | SAU Library | SAU Library | General Stacks | 13/09/2005 | 633.18095492 DAR | 31467 | 31/12/2014 | 31/12/2014 | Book | ||||||
| Dewey Decimal Classification | SAU Library | SAU Library | General Stacks | 13/09/2005 | 633.18095492 DAR | 31465 | 31/12/2014 | 31/12/2014 | Book |
